000 00497nam a2200169 a 4500
001 000044537
005 20201002045438.0
008 140711s2009 dr ac 000 0 spa d
020 _a9789945001631
040 _aDO-SdBNP
_bspa
_cBNPHU
082 _axxxx
_bxxxx
100 1 _aÁlvarez, Ariel
_972550
245 1 0 _aGuía del edecán diplomático /
_cAriel Álvarez.
260 _aSanto Domingo :
_bMediabyte,
_c2009.
300 _a50 P. :
_bil., retrs. ;
_c21 cm.
504 _aBibliografía : p. 47-48
999 _c44026
_d44026